Дело об обмене изданиями с Королевским Восточным институтом в Неаполе

Доступно только в Электронных читальных залах Найти на картеНа карте
RUSMARC
00003702nmc2a22000003x 450
00120fa8a66-18c1-4957-bd5f-f40f6e58c7c7
00520180621185307.0
100##$a20160328l18921892k l0rusy0189 ca
1010#$arus
102##$aRU
2001#$aДело об обмене изданиями с Королевским Восточным институтом в Неаполе
$j25 апреля - 17 ноября 1892 г.
251##$cДело
300##$aДело
801#0$aRU
$bРГИА
$c20160328
$gRCR
801#1$aRU
$bГлавНИВЦ
$c20160328
$2rusmarc
801#2$aRU
$bПБ им. Б.Н. Ельцина
$c20180621
$gRCR
$2rusmarc
850##$aРГИА
852##$aРГИА
$eФедеральное казенное учреждение "Российский государственный исторический архив" (РГИА)
$j1212
937##$hРГИА
$d12193980
$aASBIBLIO_SCAN
462#0$1001bddc07d4-03e3-4f2f-a715-f0b0b4a2fdca
$12001
$aДела по ученым учреждениям Департамента народного просвещения за 1863-1895 гг.
$1251
$cОпись
$1852
$j142
461#0$1001a74412a3-3cc5-4d21-8f0a-dfe2fbd9e72d
$12001
$aДепартамент народного просвещения Министерства народного просвещения (1803-1917)
$1251
$cФонд
$1852
$j733
215##$a14 л.
$d36,5х26 см
371##$aДокумент не является опубликованным и широко распространяемым
105##$ay###
1222#$ad
035##$a20fa8a66-18c1-4957-bd5f-f40f6e58c7c7
856##$uhttp://readingroom.main.prlib.ru/item.aspx?id_node=n116384378&mode=full
Формат отображения